000 00367nam a2200133Ia 4500
008 151001s9999||||xx |||||||||||||| ||und||
100 _aगोयल के पवन
245 _aभारतीय वास्तूशास्त्र
250 _a1
260 _bसत्साहीत्य
260 _c2001
300 _a140
365 _b21
999 _c980668
_d980665